| 000 | 00473cam a2200181ua 4500 | ||
|---|---|---|---|
| 041 |
_aeng _h |
||
| 082 |
_a334.0954 _bHOU/CO |
||
| 100 | _aHough, Elearor.M . | ||
| 245 |
_aCo-operative movement in India / _cM Elearor Hough. _hTextual Documents |
||
| 250 |
_a1 / _b. |
||
| 260 |
_aLondon : _bOxford University Press , _c1959. |
||
| 300 | _a493 ; . | ||
| 504 | _a | ||
| 700 | 1 | _aMadhava Das, K . | |
| 700 | 1 | _aPlunkett, Horace . | |
| 942 | _cBK | ||
| 999 |
_c2148 _d2148 |
||